| 000 | 00535nam a22001817a 4500 | ||
|---|---|---|---|
| 005 | 20150107125504.0 | ||
| 010 | _aENG-111510 | ||
| 020 |
_a9788174878823 _c795.00 |
||
| 035 | _aEN-95042 | ||
| 037 | _bDBAD/PUB | ||
| 082 | _a891.46 | ||
| 245 |
_aNativism : _cedited by J.P.Singh _bIndian English fiction / |
||
| 260 |
_aNew Delhi _bRadha Publications _c2014 |
||
| 270 |
_a4231/1,Ansari Road,Daryaganj _bNew Delhi _e110002 |
||
| 300 |
_aviii,258p. _c22cm(Hb) |
||
| 700 | _aSingh,J.P. | ||
| 942 |
_2ddc _cEN _mNAT _h891.46 |
||
| 999 |
_c90569 _d90569 |
||